Řízení obchodních řetězců nemusí být dilema maloobchodní informační systém pod drobnohledem

Funkcia maloobchodného informačného systému z hľadiska riadenia obchodného reťazca - popis organizačnej štruktúry a dátových tokov, podpora centrálneho riadenia obchodných jednotiek, zber ekonomických dát pre centrálny účtovnícky systém a zber operatívnych obchodných informácií.

Salvato in:
Dettagli Bibliografici
Autore principale: Frouz, Jan
Natura: Capitolo di libro
Lingua:ceco
Soggetti:
Tags: Aggiungi Tag
Nessun Tag, puoi essere il primo ad aggiungerne!!

MARC

LEADER 00000naa a2200000 4500
001 r044543
005 20230522104634.8
041 0 |a cze 
044 |a CZ 
245 1 0 |a Řízení obchodních řetězců nemusí být dilema  |b maloobchodní informační systém pod drobnohledem  |c Jan Frouz 
520 |a Funkcia maloobchodného informačného systému z hľadiska riadenia obchodného reťazca - popis organizačnej štruktúry a dátových tokov, podpora centrálneho riadenia obchodných jednotiek, zber ekonomických dát pre centrálny účtovnícky systém a zber operatívnych obchodných informácií. 
610 2 0 |a maloobchod 
610 2 0 |a systémy informačné 
610 2 0 |a reťazce obchodné 
610 2 0 |a riadenie 
610 2 0 |a zber dát 
610 2 0 |a štruktúra organizačná 
100 1 |a Frouz, Jan